000 00368pab a2200157 454500
008 180718b2000 xxu||||| |||| 00| 0 eng d
100 _aNarayanan, M.K.
245 _aConstitution, confusion and snafy
260 _c2000
300 _ap.12
362 _a7 Feb
650 _aIndia - Constitution
650 _aConstitutions
773 _aAsian Age
909 _a45085
999 _c45085
_d45085